Naturaleza y propiedades de los materiales para ingeniería
Сохранить в:
| Главный автор: | |
|---|---|
| Формат: | |
| Язык: | испанский |
| Опубликовано: |
Ciudad de México
Interamericana
1979
|
| Редактирование: | 1a. ed |
| Предметы: | |
| Метки: |
Добавить метку
Нет меток, Требуется 1-ая метка записи!
|
MARC
| LEADER | 00000nam a2200000 a 4500 | ||
|---|---|---|---|
| 001 | UCW1923 | ||
| 003 | CL-VaPUC | ||
| 008 | 890118e19790000MX |||||||||||||||||spa|d | ||
| 082 | 0 | 4 | |a 620.11 |b JAS |2 21 |
| 100 | |a Jastrzebski, Zbigniew D |e author |9 361653 | ||
| 245 | 1 | 0 | |a Naturaleza y propiedades de los materiales para ingeniería |
| 250 | |a 1a. ed | ||
| 300 | |a 629 p | ||
| 942 | |c BK | ||
| 945 | |d 19890118 00:00:00 | ||
| 260 | |a Ciudad de México |b Interamericana |c 1979 | ||
| 650 | 0 | |a Materiales |9 260800 | |
| 583 | |a last modification |c 19890118 00:00:00 |k Rodrigo Vera | ||
| 999 | |c 216643 |d 216641 | ||
| 952 | |0 0 |1 0 |4 0 |6 620_110000000000000_JAS_1979 |7 0 |8 A |9 202539 |a BIBING |b BIBING |d 2019-11-14 |i 1666363 |l 1 |o 620.11 JAS 1979 |p 1666363 |q 2020-09-30 |r 2020-07-27 |s 2020-07-27 |w 2019-11-14 |y BK |k EII | ||
| 952 | |0 0 |1 0 |4 0 |6 620_110000000000000_JAS_1979 |7 0 |8 A |9 202541 |a BIBING |b BIBING |d 2019-11-14 |i 403967K |o 620.11 JAS 1979 |p 403967K |r 2025-01-20 |w 2019-11-14 |y BK |k EII | ||